000 01318cam a2200205 4500
001 WB3942-10
008 031106n2003 000 0 eng u
035 _a(Sirsi) u124253
245 _aWorkplace stress guidance pack available
260 _c2003
490 _aRICS Facilities Management Faculty News
_v5 November 2003 (1)
520 _aThe Health and Safety Executive (HSE) has produced a new guidance pack to help employers and employees develop solutions to counter workplace stress. "Real solutions, real people - a manager's guide to tackling work-related stress" contains examples of clear, practical measures which provide a starting point for the workforce to agree how to tackle the findings of a stress risk assessment. The guidance pack includes an introduction on how to use it, learning points, prompt cards, and an action plan to record and monitor what needs to be done. Further HSE guidance on work-related stress is available at http://www.hse.gov.uk/stress/hsewls.htm. http://w.rics.org/ricscms/bin/show?class=News&template=/includes/shownews.html&id=7492&faculty=Facilities%20Management&faculty=All%20Faculties
590 _aWB
650 _aSTRESS
650 _aSTRESS MANAGEMENT
650 _aWORKPLACE
650 _aRISK MANAGEMENT
690 _aHealth and safety
_96244
942 _n0
999 _c73755
_d73755